Italian Regions by Landmark - Statistics

General Stats
  • This quiz has been taken 205 times
  • The average score is 13 of 20
Answer Stats
Hint Answer % Correct
Pantheon Lazio
96%
Galleria degli Uffizi Toscana
94%
Etna Sicilia
91%
Trulli Puglia
89%
Sassi di Matera Basilicata
85%
Torre degli Asinelli Emilia Romagna
83%
Cinque Terre Liguria
83%
Mole Antonelliana Piemonte
82%
Lago d'Iseo Lombardia
76%
Castello di Miramare Friuli Venezia Giulia
65%
Cascata delle Marmore Umbria
62%
Parco Nazionale della Sila Calabria
60%
Lago di Braies Trentino Alto Adige
54%
Grotte di Nettuno Sardegna
49%
Castello di Fénis Valle d'Aosta
49%
Grotte di Frasassi Marche
48%
Castel dell'Ovo Campania
46%
Palazzo Contarini del Bovolo Veneto
36%
Rocca Calascio Abruzzo
30%
Castello Monforte Molise
27%
No matching quizzes found
Score Distribution
Percent of People with Each Score
Percentile by Number Answered
Your Score History
You have not taken this quiz